000
00299nam a22001337a 4500
008
170728b xxu||||| |||| 00| 0 eng d
020
_a
013629023X
041
_a
eng
080
_a
004
100
_a
31
101
_a
SHKI
245
_a
OBJECT-ORIENTED SYSTEMS ANALYSIS
_c
SHLAER, S
942
_2
udc
_c
BK
999
_c
22071
_d
22071